000 00546nam a2200193Ia 4500
005 20250423101532.0
008 250422s9999 xx 000 0 und d
020 _a9788131232729
050 _aRB 40 .T44/
100 _aEdited by Carl A. Burtis
245 0 _aTietz textbook of clinical chemistry and molecular diagnostics
250 _a5th ed.
260 _aPhiladelphia
260 _bSaunders
260 _c2014
300 _a2238 p
650 _a Chemistry, Clinical--methods. Molecular Diagnostic Techniques.
942 _cBK
999 _c36574
_d36574